[Event "XXV Festival A"]
[Site "Arco ITA"]
[Date "2003.10.26"]
[Round "9"]
[White "De Santis, Alessio"]
[Black "Rotstein, Arkadij"]
[Result "0-1"]
[WhiteElo "2272"]
[BlackElo "2533"]
[PlyCount "112"]
[EventDate "2003.10.18"]

1.d4 Nf6 2.c4 e6 3.Nc3 Bb4 4.f3 O-O 5.e4 d5 6.e5 Nfd7 7.a3 Bxc3+ 8.bxc3 
dxc4 9.f4 Nb6 10.Nf3 Nc6 11.Qc2 f5 12.a4 Na5 13.Ba3 Re8 14.Ra2 Nd5 15.Bc1 
c5 16.Be2 Qc7 17.O-O b6 18.h3 Bb7 19.g4 g6 20.gxf5 gxf5 21.Kh2 Kh8 22.dxc5
Qxc5 23.Nd4 Nb3 24.Bh5 Nxd4 25.cxd4 Qxd4 26.Bxe8 Rxe8 27.Rd1 Qc5 28.Ba3 
Qe3 29.Bc1 Qf3 30.Rg1 Nxf4 31.Ra3 Qe2+ 32.Qxe2 Nxe2 33.Bg5 Nxg1 34.Bf6+ 
Kg8 35.Rg3+ Kf8 36.Kxg1 Rc8 37.Rg7 c3 38.Rxb7 c2 39.Bg5 c1=Q+ 40.Bxc1 
Rxc1+ 41.Kf2 Rc5 42.Rxa7 Rxe5 43.Rb7 h5 44.Kg3 Re4 45.Rxb6 Ke7 46.a5 h4+ 
47.Kf3 Ra4 48.a6 Kf6 49.Kf2 Ra2+ 50.Kf1 Ke5 51.Kg1 Kd5 52.Rb5+ Ke4 53.Rb4+
Kf3 54.Rb3+ Kf4 55.Rb4+ Kg5 56.Rb6 e5 0-1

[Event "XXV Festival A"]
[Site "Arco ITA"]
[Date "2003.10.26"]
[Round "9"]
[White "Del Nevo, Claudio"]
[Black "Kort, Jacob"]
[Result "0-1"]
[WhiteElo "1743"]
[BlackElo "2224"]
[PlyCount "61"]
[EventDate "2003.10.18"]

1.d4 Nf6 2.Bg5 e6 3.Nf3 c5 4.Bxf6 Qxf6 5.e3 b6 6.c3 Bb7 7.Nbd2 Qd8 8.Bd3 
Be7 9.Qc2 h6 10.Ne5 O-O 11.Be4 Qc7 12.Bxb7 Qxb7 13.Qe4 Qxe4 14.Nxe4 d6 15.
Nf3 f5 16.Ned2 Nd7 17.Rd1 Nf6 18.dxc5 bxc5 19.Nc4 Rfd8 20.Na5 Rac8 21.b3 
Kf7 22.Ke2 Ne4 23.Rd3 Bf6 24.Rc1 d5 25.Nd2 c4 26.bxc4 Nc5 27.Rd4 Na4 28.
cxd5 Bxd4 29.dxe6+ Kxe6 30.exd4 Nxc3+ 31.Kd3 0-1

[Event "XXV Festival A"]
[Site "Arco ITA"]
[Date "2003.10.26"]
[Round "9"]
[White "Di Lazzaro, Gabriele"]
[Black "Traversi, Carlo"]
[Result "1-0"]
[WhiteElo "2013"]
[BlackElo "1856"]
[PlyCount "49"]
[EventDate "2003.10.18"]

1.e4 Nc6 2.g3 e5 3.Bg2 Nf6 4.c3 d5 5.exd5 Nxd5 6.Qb3 Nf6 7.Nf3 Bc5 8.O-O 
O-O 9.Nxe5 Nxe5 10.d4 Bxd4 11.cxd4 Ng6 12.d5 Rb8 13.Be3 b6 14.Nc3 Bb7 15.
Rfd1 a6 16.Rac1 Re8 17.Qc4 b5 18.Qd4 h5 19.Bg5 Qd6 20.Bxf6 gxf6 21.Ne4 
Rxe4 22.Qxe4 Qd7 23.Qc2 Rc8 24.Be4 Kg7 25.Bf5 1-0

[Event "XXV Festival A"]
[Site "Arco ITA"]
[Date "2003.10.26"]
[Round "9"]
[White "Dittmar, Peter"]
[Black "Prakken, Gerrit"]
[Result "1/2-1/2"]
[WhiteElo "2356"]
[BlackElo "2249"]
[PlyCount "20"]
[EventDate "2003.10.18"]

1.Nf3 d5 2.c4 c6 3.e3 Nf6 4.Qc2 e6 5.b3 Nbd7 6.Bb2 Bd6 7.Nc3 O-O 8.Be2 
dxc4 9.bxc4 e5 10.O-O Re8 1/2-1/2

[Event "XXV Festival A"]
[Site "Arco ITA"]
[Date "2003.10.26"]
[Round "9"]
[White "Drasko, Milan"]
[Black "Molzahn, Norbert"]
[Result "1-0"]
[WhiteElo "2470"]
[BlackElo "2089"]
[PlyCount "63"]
[EventDate "2003.10.18"]

1.d4 c5 2.d5 e5 3.e4 d6 4.Be2 Be7 5.Nf3 Nf6 6.Nc3 a6 7.a4 b6 8.O-O Nbd7 9.
Nd2 Nf8 10.Nc4 Ng6 11.Re1 O-O 12.g3 Ne8 13.Bg4 Rb8 14.Bd2 Nf6 15.Bxc8 Qxc8
16.Qe2 Qh3 17.f3 h5 18.Ne3 Qc8 19.Nf5 Re8 20.Bg5 Bf8 21.Bxf6 gxf6 22.Nd1 
h4 23.Nde3 Qc7 24.Qxa6 b5 25.axb5 Rb6 26.Qa5 c4 27.Ra4 Qb7 28.Nxc4 Rxb5 
29.Qa7 Qc8 30.Nfxd6 Bxd6 31.Nxd6 Qxc2 32.Qxf7+ 1-0

[Event "XXV Festival A"]
[Site "Arco ITA"]
[Date "2003.10.26"]
[Round "9"]
[White "Giuriato, Sergio"]
[Black "Sautto, Alessandra"]
[Result "1/2-1/2"]
[WhiteElo "2029"]
[BlackElo "1964"]
[PlyCount "138"]
[EventDate "2003.10.18"]

1.d4 d5 2.c4 e6 3.Nc3 Nf6 4.Bg5 Be7 5.Nf3 Nbd7 6.e3 O-O 7.Rc1 a6 8.cxd5 
exd5 9.Bd3 h6 10.Bf4 c6 11.h3 Re8 12.O-O Bb4 13.Qc2 Qe7 14.a3 Bd6 15.Rfe1 
Nf8 16.Bxd6 Qxd6 17.b4 N8d7 18.Nh4 Ne4 19.Nxe4 dxe4 20.Bxe4 Qe7 21.Bh7+ 
Kh8 22.g3 g5 23.Ng2 Nf6 24.Bf5 Be6 25.Bxe6 Qxe6 26.Kh2 Ne4 27.f3 Nf6 28.e4
Rad8 29.Rcd1 Nh5 30.Ne3 Qf6 31.Nf5 Ng7 32.Nxg7 Kxg7 33.Qf2 Rd7 34.Rd3 Kh7 
35.Kg2 Red8 36.Red1 Qe6 37.Qc2 f5 38.R3d2 f4 39.g4 Kg7 40.Rd3 Qe7 41.R1d2 
h5 42.Qc5 Qf6 43.gxh5 Rh8 44.d5 Rxh5 45.Qd4 cxd5 46.Qxf6+ Kxf6 47.Rxd5 
Rxd5 48.Rxd5 Rh7 49.a4 Rc7 50.h4 gxh4 51.Rf5+ Ke6 52.Rxf4 Rc4 53.b5 Rxa4 
54.bxa6 bxa6 55.Kh3 Ra1 56.Kxh4 a5 57.Rf5 a4 58.Kg4 a3 59.Ra5 a2 60.Kf4 
Kf6 61.Ra6+ Kf7 62.e5 Ke7 63.Kf5 Rf1 64.Ra7+ Kf8 65.Rxa2 Rxf3+ 66.Ke6 Rb3 
67.Ra8+ Kg7 68.Rd8 Re3 69.Rd7+ Kf8 1/2-1/2

[Event "XXV Festival A"]
[Site "Arco ITA"]
[Date "2003.10.26"]
[Round "9"]
[White "Grigore, George-Gabriel"]
[Black "Wohl, Aleksandar H."]
[Result "1-0"]
[WhiteElo "2485"]
[BlackElo "2379"]
[PlyCount "58"]
[EventDate "2003.10.18"]

1.d4 e6 2.c4 b6 3.a3 g6 4.Nc3 Bg7 5.e4 Bb7 6.Nf3 Ne7 7.Bd3 d6 8.Be3 Nd7 9.
Qd2 h6 10.d5 g5 11.Nd4 c5 12.dxc6 Nxc6 13.Ndb5 Nf6 14.Be2 Ke7 15.Rd1 Ne8 
16.O-O a6 17.Nd4 Ne5 18.f4 gxf4 19.Rxf4 Rc8 20.Rdf1 Nf6 21.Nd5+ Bxd5 22.
exd5 b5 23.dxe6 fxe6 24.cxb5 axb5 25.Bxb5 Qc7 26.Qf2 Rhf8 27.Qg3 Rg8 28.
Qh3 Nfg4 29.Qxg4 d5 1-0

[Event "XXV Festival A"]
[Site "Arco ITA"]
[Date "2003.10.26"]
[Round "9"]
[White "Lovati, Paolo"]
[Black "Ricci, Alfredo"]
[Result "0-1"]
[WhiteElo "2089"]
[BlackElo "2029"]
[PlyCount "50"]
[EventDate "2003.10.18"]

1.d4 Nf6 2.Bg5 d5 3.Bxf6 gxf6 4.e3 c6 5.Bd3 Qb6 6.Qc1 e5 7.c3 Be6 8.Nd2 
Nd7 9.b4 h5 10.Nb3 Bh6 11.a3 Ke7 12.Qd2 h4 13.O-O-O a5 14.f4 axb4 15.axb4 
e4 16.Bb1 Qa6 17.Qe2 Qa4 18.Bc2 Rhg8 19.h3 Nb6 20.Kd2 Nc4+ 21.Ke1 Rg3 22.
Na5 Qa3 23.Nxc4 Qxc3+ 24.Kf2 Ra2 25.Rd2 dxc4 0-1

[Event "XXV Festival A"]
[Site "Arco ITA"]
[Date "2003.10.26"]
[Round "9"]
[White "Luciani, Carlo"]
[Black "Trauth, Michael"]
[Result "0-1"]
[WhiteElo "2233"]
[BlackElo "2202"]
[PlyCount "120"]
[EventDate "2003.10.18"]

1.f4 Nf6 2.Nf3 g6 3.b3 Bg7 4.Bb2 O-O 5.g3 b6 6.Bg2 Bb7 7.O-O d5 8.e3 c5 9.
Qe1 Nc6 10.Ne5 Nb4 11.Qc1 Nd7 12.Nxd7 Qxd7 13.Bxg7 Kxg7 14.a3 Nc6 15.d3 f6
16.Nd2 Rad8 17.Qb2 e6 18.Nf3 d4 19.e4 b5 20.Rf2 e5 21.Raf1 Qg4 22.Qc1 c4 
23.Kh1 Qe6 24.bxc4 bxc4 25.f5 Qd6 26.fxg6 hxg6 27.h4 Ba6 28.Ne1 Na5 29.Qd2
c3 30.Qc1 Rb8 31.g4 Bc8 32.g5 f5 33.exf5 Bxf5 34.h5 Qe6 35.h6+ Kh7 36.Nf3 
Nc6 37.Nh4 Ne7 38.Kg1 Rf7 39.Re1 Nd5 40.Bxd5 Qxd5 41.Ref1 Rbf8 42.Qe1 Qd8 
43.Qc1 Qe7 44.Ng2 e4 45.dxe4 Bxe4 46.Rf4 Rf5 47.Rxf5 Rxf5 48.Rxf5 Bxf5 49.
Qf4 Qd7 50.Ne1 Bxc2 51.Nxc2 d3 52.Ne3 d2 53.Qe4 d1=Q+ 54.Nxd1 Qxd1+ 55.Kf2
Qd2+ 56.Kf3 Qxg5 57.Qb7+ Kxh6 58.Qc7 Qd5+ 59.Kf4 Qd2+ 60.Kg4 Qg2+ 0-1

[Event "XXV Festival A"]
[Site "Arco ITA"]
[Date "2003.10.26"]
[Round "9"]
[White "Papale, Carmelo"]
[Black "Blasco, Domenico"]
[Result "0-1"]
[WhiteElo "1740"]
[BlackElo "2040"]
[PlyCount "62"]
[EventDate "2003.10.18"]

1.e4 g6 2.Nf3 Bg7 3.g3 c5 4.d3 Nc6 5.Bg2 e6 6.Nbd2 Nge7 7.O-O O-O 8.c3 Rb8
9.a4 b6 10.Nb3 Ba6 11.a5 Nxa5 12.Nxa5 bxa5 13.Qa4 Nc6 14.Rd1 e5 15.d4 cxd4
16.cxd4 Be2 17.Rd2 Bxf3 18.Bxf3 Nxd4 19.Bg4 h5 20.Bd1 Rb4 21.Qxa5 Qxa5 22.
Rxa5 Rc4 23.Rxd4 Rxd4 24.Bf3 Rc8 25.Be3 Rb4 26.Rxa7 d6 27.Ra2 Rcb8 28.Bc1 
R8b7 29.Kf1 Kh7 30.Ke1 Bh6 31.Kd1 Rd4+ 0-1

[Event "XXV Festival A"]
[Site "Arco ITA"]
[Date "2003.10.26"]
[Round "9"]
[White "Rahls, Peter"]
[Black "Bondielli, Giorgio"]
[Result "1-0"]
[WhiteElo "2341"]
[BlackElo "2019"]
[PlyCount "55"]
[EventDate "2003.10.18"]

1.e4 e5 2.Nc3 Nf6 3.g3 Bc5 4.Bg2 c6 5.Nge2 O-O 6.O-O a6 7.d4 exd4 8.Nxd4 
d6 9.Bf4 Nbd7 10.Nb3 Re8 11.Bxd6 Bxd6 12.Qxd6 Qb6 13.a4 Ne5 14.a5 Qa7 15.
Na4 Nc4 16.Qb4 Be6 17.Nbc5 Ne5 18.Qxb7 Qxb7 19.Nxb7 Rab8 20.Nbc5 Bc4 21.
Rfe1 Rb5 22.b3 Be6 23.Nxe6 Rxe6 24.Nb6 Rc5 25.c4 Nd3 26.Red1 Nb4 27.Ra4 
Nc2 28.Rd2 1-0

[Event "XXV Festival A"]
[Site "Arco ITA"]
[Date "2003.10.26"]
[Round "9"]
[White "Roberti, Ignazio"]
[Black "Burg, Twan"]
[Result "1/2-1/2"]
[WhiteElo "1990"]
[BlackElo "2050"]
[PlyCount "88"]
[EventDate "2003.10.18"]

1.Nf3 Nf6 2.b3 b6 3.Bb2 Bb7 4.d3 e6 5.e4 d5 6.e5 Nfd7 7.d4 c5 8.c3 Be7 9.
Nbd2 O-O 10.Be2 Nc6 11.O-O f6 12.exf6 Bxf6 13.Re1 Qc7 14.Nf1 e5 15.dxc5 
Ne7 16.cxb6 Qxb6 17.Ng3 e4 18.Nd4 Nc6 19.Ngf5 Bg5 20.Rf1 g6 21.Ng3 Nce5 
22.a4 Bf4 23.a5 Qf6 24.a6 Bc6 25.Ra5 Nb6 26.Ba3 Rfc8 27.Bb4 h5 28.Bb5 Bxb5
29.Rxb5 Qh4 30.h3 e3 31.Kh1 Ng4 32.Nf3 Nxf2+ 33.Rxf2 Qxg3 34.Re2 Re8 35.c4
Bc7 36.cxd5 Rad8 37.Be1 Qf4 38.Rb4 Qd6 39.Rd4 Nxd5 40.Bh4 Rd7 41.Bg3 Qxg3 
42.Rxd5 Rxd5 43.Qxd5+ Kf8 44.Qd4 Rd8 1/2-1/2

[Event "XXV Festival A"]
[Site "Arco ITA"]
[Date "2003.10.26"]
[Round "9"]
[White "Stull, Norbert"]
[Black "Bossoni, Mario"]
[Result "1/2-1/2"]
[WhiteElo "2114"]
[BlackElo "1966"]
[PlyCount "40"]
[EventDate "2003.10.18"]

1.d4 Nf6 2.c4 c5 3.d5 b5 4.cxb5 a6 5.b6 Qxb6 6.Nc3 d6 7.Nf3 g6 8.e4 Bg7 9.
Be2 O-O 10.O-O Nbd7 11.Qc2 Rb8 12.Rb1 Bb7 13.Bd2 e6 14.Bc4 exd5 15.exd5 
Qc7 16.Qd3 Nb6 17.b3 Nxc4 18.bxc4 Bc8 19.Rxb8 Qxb8 20.Re1 Bf5 1/2-1/2

[Event "XXV Festival A"]
[Site "Arco ITA"]
[Date "2003.10.26"]
[Round "9"]
[White "Swinkels, Jos"]
[Black "Astengo, Marcello"]
[Result "1/2-1/2"]
[WhiteElo "1991"]
[BlackElo "2066"]
[PlyCount "85"]
[EventDate "2003.10.18"]

1.e4 e6 2.d4 d5 3.Nd2 Nf6 4.e5 Nfd7 5.c3 c5 6.f4 cxd4 7.cxd4 Bb4 8.a3 Qa5 
9.Nf3 Nc6 10.Bd3 Be7 11.O-O Qb6 12.Nb3 a5 13.a4 Nb4 14.Bb1 Qa7 15.f5 exf5 
16.Bxf5 Nf8 17.Ng5 Bxg5 18.Bxg5 Bxf5 19.Rxf5 Ne6 20.Be3 O-O 21.Rc1 Rac8 
22.Nc5 Nxc5 23.dxc5 Qa6 24.Qg4 Nd3 25.Rcf1 Qe6 26.Qg3 Nxc5 27.Bxc5 Rxc5 
28.Rf6 Qe7 29.e6 Rc1 30.exf7+ Kh8 31.Rxc1 Qxf6 32.Rf1 Qxb2 33.Qd6 Qd4+ 34.
Kh1 Qb4 35.Qxd5 b6 36.Qc6 Qc5 37.Qe8 g6 38.h3 Kg7 39.Qe6 Qd4 40.Rf3 h6 41.
Kh2 Qxa4 42.Qxb6 Qb4 43.Qxb4 1/2-1/2

[Event "XXV Festival A"]
[Site "Arco ITA"]
[Date "2003.10.26"]
[Round "9"]
[White "Swinkels, Robin"]
[Black "Di Paolo, Raffaele"]
[Result "0-1"]
[WhiteElo "2170"]
[BlackElo "2325"]
[PlyCount "80"]
[EventDate "2003.10.18"]

1.e4 Nc6 2.Nf3 d6 3.d4 Bg4 4.Be2 Nf6 5.Nc3 e5 6.Be3 Be7 7.Qd2 a6 8.O-O-O 
O-O 9.h3 Bxf3 10.Bxf3 exd4 11.Bxd4 Nxd4 12.Qxd4 c5 13.Qd2 Nd7 14.Be2 b5 
15.Nd5 Ra7 16.f4 Re8 17.Bf3 Bf8 18.g4 a5 19.c4 bxc4 20.Qc2 Nb6 21.Nxb6 
Qxb6 22.Qxc4 g6 23.Rh2 Bg7 24.Rdd2 a4 25.h4 Bd4 26.Rhe2 Qd8 27.g5 Qd7 28.
Qd3 Qh3 29.Rh2 Qg3 30.f5 Rb8 31.Bd1 Be5 32.Qxg3 Bxg3 33.f6 h6 34.Rhg2 Bf4 
35.Kc2 Bxd2 36.Rxd2 Ra6 37.Be2 Rab6 38.Kc3 Re8 39.Bf3 Re5 40.Rg2 d5 0-1

[Event "XXV Festival A"]
[Site "Arco ITA"]
[Date "2003.10.26"]
[Round "9"]
[White "Tocco, Paolo"]
[Black "Cetkovic, Sergio"]
[Result "1/2-1/2"]
[WhiteElo "2156"]
[BlackElo "2106"]
[PlyCount "80"]
[EventDate "2003.10.18"]

1.d4 d5 2.e4 c6 3.e5 e6 4.Nd2 c5 5.dxc5 Nc6 6.Ngf3 Bxc5 7.Nb3 Bb6 8.c3 
Nge7 9.Bd3 Ng6 10.Qe2 Qc7 11.Bxg6 hxg6 12.Bf4 Bd7 13.g3 a6 14.h4 Na5 15.
Nbd4 Qc4 16.Qxc4 Nxc4 17.b3 Na5 18.O-O Rc8 19.Rac1 O-O 20.Be3 Bd8 21.Kg2 
f6 22.Rh1 Kf7 23.h5 gxh5 24.Rxh5 Rg8 25.Bd2 Nc6 26.Nxc6 Rxc6 27.Nd4 Rc8 
28.Re1 g6 29.Rh7+ Rg7 30.Rh8 fxe5 31.Nf3 Bf6 32.Nxe5+ Bxe5 33.Rxc8 Bxc8 
34.Rxe5 Bd7 35.Be3 Rh7 36.Bd4 b5 37.Re1 Bc6 38.f3 Bd7 39.Rh1 Rxh1 40.Kxh1 
g5 1/2-1/2

[Event "XXV Festival A"]
[Site "Arco ITA"]
[Date "2003.10.26"]
[Round "9"]
[White "Van Rijn, Wouter"]
[Black "Isonzo, David"]
[Result "1/2-1/2"]
[WhiteElo "2252"]
[BlackElo "2349"]
[PlyCount "131"]
[EventDate "2003.10.18"]

1.Nf3 Nf6 2.g3 g6 3.Bg2 Bg7 4.O-O O-O 5.c4 d6 6.d4 Nc6 7.Nc3 a6 8.a3 Rb8 
9.b4 e5 10.dxe5 dxe5 11.b5 Qxd1 12.Rxd1 Na5 13.Rb1 Bf5 14.Rb4 c5 15.Ra4 
Nb3 16.bxa6 Bc2 17.a7 Ra8 18.Bg5 Nd4 19.Nxe5 Bxa4 20.Nxa4 Rxa7 21.Nxc5 
Nxe2+ 22.Kf1 Nc3 23.Rc1 Rxa3 24.Bxb7 Re8 25.Nf3 Nce4 26.Nxe4 Nxe4 27.Be3 
Rc3 28.Rxc3 Bxc3 29.c5 Bb4 30.c6 Nd6 31.Bf4 Re7 32.Bxd6 Bxd6 33.Nd4 Re5 
34.f4 Rc5 35.Ke2 Kf8 36.Kd3 Rc1 37.Ke4 Ke7 38.f5 Re1+ 39.Kf3 Rf1+ 40.Kg2 
Rd1 41.fxg6 hxg6 42.Nf3 f5 43.Bc8 Kf6 44.Nh4 Rc1 45.Bd7 Rc2+ 46.Kh3 Rf2 
47.Bc8 Rc2 48.Bd7 Bc7 49.Ng2 Bb6 50.Ne1 Re2 51.Nf3 Rf2 52.Nd4 Bc7 53.Nb5 
Be5 54.c7 g5 55.Bxf5 Bxc7 56.Bd7 Be5 57.Bc8 Rb2 58.Bd7 Rd2 59.Bg4 Ke7 60.
Na3 Ra2 61.Nb5 Kf6 62.Bd7 Ra8 63.Kg4 Ra4+ 64.Kh3 Ke7 65.Bg4 Ra2 66.Bf5 
1/2-1/2

[Event "XXV Festival A"]
[Site "Arco ITA"]
[Date "2003.10.26"]
[Round "9"]
[White "Vink, Wim"]
[Black "Borin, Fabio"]
[Result "1-0"]
[WhiteElo "2142"]
[BlackElo "2189"]
[PlyCount "71"]
[EventDate "2003.10.18"]

1.d4 f5 2.g3 Nf6 3.Bg2 g6 4.c4 Bg7 5.b3 O-O 6.Bb2 d6 7.Nd2 Qe8 8.Ngf3 a5 
9.Qc2 Na6 10.a3 e5 11.dxe5 Ne4 12.exd6 Nxd6 13.Bxg7 Kxg7 14.O-O Nc5 15.e3 
h6 16.b4 Ne6 17.c5 Nf7 18.Qc3+ Kh7 19.Ne5 Nfd8 20.Rad1 Ng7 21.Ndc4 axb4 
22.axb4 Rf6 23.Rd2 Re6 24.Rfd1 Nf7 25.Nxf7 Qxf7 26.Bd5 c6 27.Bxe6 Bxe6 28.
Nb6 Re8 29.Rd8 Rxd8 30.Rxd8 f4 31.exf4 Bh3 32.Qc4 Be6 33.Qd4 Qe7 34.f3 Bh3
35.Kf2 Qe6 36.Qc4 1-0

[Event "XXV Festival A"]
[Site "Arco ITA"]
[Date "2003.10.26"]
[Round "9"]
[White "Visser, Eddy"]
[Black "Friedrich, Norbert"]
[Result "0-1"]
[WhiteElo "2111"]
[BlackElo "2252"]
[PlyCount "100"]
[EventDate "2003.10.18"]

1.e4 c5 2.Nf3 e6 3.d3 Nc6 4.g3 Nge7 5.Bg2 g6 6.O-O Bg7 7.c3 e5 8.a3 O-O 9.
b4 cxb4 10.axb4 b5 11.Nbd2 d6 12.Nb3 h6 13.Bb2 Be6 14.d4 exd4 15.Nbxd4 Bc4
16.Re1 Ne5 17.Nxe5 dxe5 18.Nc2 Qc7 19.Na3 Rad8 20.Qc2 Bd3 21.Qb3 Rd7 22.
Bf1 Bxf1 23.Rxf1 Qc6 24.Rfd1 Rfd8 25.Rxd7 Rxd7 26.Rd1 Rxd1+ 27.Qxd1 Qxe4 
28.Nxb5 Nf5 29.Na3 h5 30.h4 Qb7 31.Qe2 e4 32.Nc4 Qd5 33.Ne3 Nxe3 34.Qxe3 
Qd1+ 35.Kg2 Qc2 36.Ba1 Qa2 37.Qe1 e3 38.Kf1 exf2 39.Qd1 Be5 40.b5 Kh7 41.
Kg2 f1=Q+ 42.Kxf1 Bxg3 43.Qf3 Qxa1+ 44.Kg2 Be5 45.Qxf7+ Kh6 46.Qf8+ Bg7 
47.Qf4+ Kh7 48.c4 Qb2+ 49.Kh1 Qd4 50.Qf7 Qxh4+ 0-1

[Event "XXV Festival A"]
[Site "Arco ITA"]
[Date "2003.10.26"]
[Round "9"]
[White "Wagman, Stuart"]
[Black "Miatello, Alberto"]
[Result "1/2-1/2"]
[WhiteElo "2150"]
[BlackElo "2046"]
[PlyCount "68"]
[EventDate "2003.10.18"]

1.e4 c5 2.Nf3 e6 3.d4 cxd4 4.Nxd4 Nc6 5.Nc3 a6 6.Nxc6 bxc6 7.Bd3 d5 8.O-O 
Nf6 9.Qe2 Be7 10.e5 Nd7 11.Na4 Qc7 12.f4 c5 13.c4 dxc4 14.Bxc4 Nb6 15.Nxb6
Qxb6 16.b3 g6 17.Be3 O-O 18.Rac1 Bb7 19.Rc3 Rfd8 20.Rfc1 Rd7 21.Qf2 Rad8 
22.Be2 Qa5 23.a4 Qb4 24.h3 Bd5 25.Bxa6 Bxb3 26.Bxc5 Bxc5 27.Rxc5 Rd2 28.
Qe3 Qxa4 29.Rc8 Qxa6 30.Rxd8+ Rxd8 31.Qxb3 Qe2 32.Rf1 Rd3 33.Qb6 Rd2 34.
Qf2 Qd3 1/2-1/2

[Event "XXV Festival A"]
[Site "Arco ITA"]
[Date "2003.10.26"]
[Round "9"]
[White "Wronn, Bernd"]
[Black "Vezzosi, Paolo"]
[Result "1/2-1/2"]
[WhiteElo "2217"]
[BlackElo "2371"]
[PlyCount "87"]
[EventDate "2003.10.18"]

1.Nf3 Nf6 2.c4 e6 3.g3 b6 4.Bg2 Bb7 5.O-O Be7 6.Nc3 O-O 7.d4 Ne4 8.Nxe4 
Bxe4 9.Ne1 Bxg2 10.Nxg2 d5 11.Qa4 dxc4 12.Qxc4 c5 13.dxc5 Bxc5 14.Be3 Nd7 
15.Bxc5 Nxc5 16.Rfd1 Qc8 17.b4 Na6 18.Qxc8 Rfxc8 19.a3 Rc7 20.Rac1 Rxc1 
21.Rxc1 Rd8 22.Ne3 Kf8 23.Rd1 Rxd1+ 24.Nxd1 Ke7 25.f4 e5 26.Nc3 Nc7 27.Kf2
exf4 28.gxf4 f5 29.e4 fxe4 30.Ke3 Ke6 31.Kxe4 g6 32.a4 Ne8 33.Nd5 h5 34.
Ne3 Nd6+ 35.Kd3 Nf5 36.Nd1 Ne7 37.Ne3 Nf5 38.Nd1 a6 39.Ne3 Nxe3 40.Kxe3 
Kd5 41.Kd3 h4 42.h3 a5 43.b5 Kc5 44.Kc3 1/2-1/2